000 00931nas a2200301 4500
001 BR2018000860
003 BR-BrBNA
005 20231205131313.0
007 ta
008 230509b bl.|||p| |||| 00| 00por d
040 _aBR-BrBNA
_bpor
_cBiblioteca Nacional de Agricultura
041 _a(En)
072 _aH20
100 1 _aAguiar, T.
100 1 _aLuiz, C.
100 1 _aRocha Neto, A.C.
100 1 _aPiero, R.M. di
245 1 _aResidual polysaccharides from fungi reduce the bacterial spot in tomato plants
650 _aTOMATE
650 _aDOENÇA DE PLANTA
650 _aMANCHA BACTERIANA
650 _aPATÓGENO
650 _aDEFESA VEGETAL
773 0 _tBragantia (Brazil)
_xISSN 1678-4499
_g(Apr-Jun 2018), v. 77(2) p. 299-313
_wBR2018000860
856 4 0 _uhttp://www.scielo.br/pdf/brag/v77n2/0006-8705-brag-1678-44992016514.pdf
909 _a202311
_bLúcia
_c55
_dLúcia Elande
942 _2AGRIS
_n0
_cANA
999 _c254075
_d254075